00842nam a22002297a 45000010005000000030006000050050017000110080041000280200015000690400029000840500016001130820011001291000019001402450036001592600035001953000044002304900029002745200178003036500048004816500049005296500034005785634FISKH20250108103522.0250108b cb ||||| |||| 00| 0 eng d a0684852217 aFISKHbengcFISKHdFISKH aPS3566.R697 a813.54 aProulx, Annie  aClose range / cby Annie Proulx aNew York :bScribner ;c1999. a285 pages : billustrations ;c21 cm .  a Wyoming StoriesvBook 1 aA collection of stories set in Wyoming. They range from The Mud Below, on an itinerant rodeo cowboy, to People in Hell Just Want a Drink of Water, which is on a family feud. aWyorming- Social life and customs vfiction aFrontier and pioneer life- Wyomingvfiction  aRanch life - Wyomingvfiction